Music: Guess the 1980s Songs from their Opening Lines - Part I - Statistics

General Stats
  • This quiz has been taken 113 times
  • The average score is 7 of 20
Answer Stats
Opening Lines Song % Correct
Turn around, every now and then I get a little bit lonely and you're never coming round Total Eclipse of the Heart
82%
Close your eyes, give me your hand darling, do you feel my heart beating? Eternal Flame
61%
She's a good girl, loves her mama, loves Jesus and America too Free Fallin'
57%
Father wears his sunday best, mother's tired, she needs a rest Our House
54%
I heat up, I can't go down, you got me spinning round and round Abracadabra
53%
You don't have to be beautiful to turn me on Kiss
52%
A man walks down the street, he says, "Why am I soft in the middle now? You Can Call Me Al
52%
Travelling in a fried-out Kombi, on a hippie trail, head full of zombie Down Under
46%
I'd sit alone and watch your light, my only friend through teenage nights Radio Ga Ga
41%
Tonight's the night we're gonna make it happen, tonight we'll put all other things aside I'm So Excited
28%
When I look back upon my life it's always with a sense of shame It's a Sin
28%
I hear the ticking of the clock, I'm lying here, the room's pitch dark Alone
23%
Sorry is all that you can say, years gone by and still words don't come easily Baby Can I Hold You
16%
I must have dreamed a thousand dreams, been haunted by a million screams Land of Confusion
16%
These mist-covered mountains are a home now for me, but my home is the Lowlands and always will be Brothers in Arms
15%
You're struttin' into town like you're slingin' a gun, just a small town dude with a big city attitude Just Like Jesse James
11%
In Europe and America there's a growing feeling of hysteria Russians
11%
Everytime I think of you I feel a shot right through with a bolt of blue Bizarre Love Triangle
9%
Cold coolin' at a bar and I'm lookin' for some action, but like Mick Jagger said, I can't get no satisfaction Funky Cold Medina
8%
Captured effortlessly, that's the way it was, happened so naturally, did not know it was love Ain't Nobody
7%
No matching quizzes found
Score Distribution
Percent of People with Each Score
Percentile by Number Answered
Your Score History
You have not taken this quiz